Proceso de revisión curricular. Síntesis general y resultados (Record no. 8427)
[ view plain ]
| 000 -LEADER | |
|---|---|
| campo de control de longitud fija | 00477nam a2200133Ia 4500 |
| 001 - NÚMERO DE CONTROL | |
| campo de control | 2985 |
| 008 - DATOS DE LONGITUD FIJA--INFORMACIÓN GENERAL | |
| campo de control de longitud fija | 241024s9999 xx 000 0 und d |
| 082 ## - NÚMERO DE LA CLASIFICACIÓN DECIMAL DEWEY | |
| Número de clasificación | RD/375.07/R426p/2013 |
| 100 ## - ENTRADA PRINCIPAL--NOMBRE DE PERSONA | |
| Nombre de persona | República Dominicana. Ministerio de Educación, MINERD |
| 245 #0 - MENCIÓN DEL TÍTULO | |
| Título | Proceso de revisión curricular. Síntesis general y resultados |
| 260 ## - PUBLICACIÓN, DISTRIBUCIÓN, ETC. | |
| Nombre del editor, distribuidor, etc. | Viceministerio de Servicios Técnicos Pedagógicos. Dirección General de Curriculo |
| Fecha de publicación, distribución, etc. | 2013 |
| 901 ## - ELEMENTOS DE DATOS A LOCAL LDA (RLIN) | |
| a | 9/7/2013 2:27:40 p.m. |
No items available.